La opinión del Gobierno chino sobre el Informe de la Comisión de Encuesta de la Sociedad de las Naciones por Su Excelencia el Dr. V.K. Wellington Koo / (Record no. 140703)

MARC details
000 -LEADER
campo de control de longitud fija 00772nam a2200193 i 4500
001 - NÚMERO DE CONTROL
campo de control 140703
003 - IDENTIFICADOR DE NÚMERO DE CONTROL
campo de control ES-MaACL
005 - FECHA Y HORA DE LA ÚLTIMA TRANSACCIÓN
campo de control 20230906200132.0
007 - CAMPO FIJO DE DESCRIPCIÓN FÍSICA--INFORMACIÓN GENERAL
campo de control de longitud fija t|
008 - DATOS DE LONGITUD FIJA--INFORMACIÓN GENERAL
campo de control de longitud fija 070914s1932 sz |||| | spa d
100 1# - ENTRADA PRINCIPAL--NOMBRE DE PERSONA
Nombre de persona Koo, V. K. Wellington.
9 (RLIN) 68572
245 13 - MENCIÓN DEL TÍTULO
Título La opinión del Gobierno chino sobre el Informe de la Comisión de Encuesta de la Sociedad de las Naciones por Su Excelencia el Dr. V.K. Wellington Koo /
Mención de responsabilidad, etc. publicado por la Delegación China cerca de la Sociedad de las Naciones.
260 ## - PUBLICACIÓN, DISTRIBUCIÓN, ETC.
Lugar de publicación, distribución, etc. Ginebra :
Nombre del editor, distribuidor, etc. [s.n.],
Fecha de publicación, distribución, etc. 1932.
300 ## - DESCRIPCIÓN FÍSICA
Extensión 49 p. ;
Dimensiones 22 cm.
650 ## - PUNTO DE ACCESO ADICIONAL DE MATERIA--TÉRMINO DE MATERIA
Término de materia o nombre geográfico como elemento de entrada Japoneses-
Subdivisión geográfica Manchuria.
9 (RLIN) 153661
651 ## - PUNTO DE ACCESO ADICIONAL DE MATERIA--NOMBRE GEOGRÁFICO
Nombre geográfico Manchuria (China, Región)-
Subdivisión general Historia-
Subdivisión cronológica 1931-1945.
9 (RLIN) 173005
651 #4 - PUNTO DE ACCESO ADICIONAL DE MATERIA--NOMBRE GEOGRÁFICO
Nombre geográfico China-
Subdivisión general Política exterior.
9 (RLIN) 153660
852 ## - LOCALIZACIÓN
Ubicación ES-MaACL
Número de control de estantería 1777-F-20
Holdings
Estatus retirado Estado de pérdida Estado de daño No para préstamo Colección Biblioteca de origen Biblioteca actual Ubicación en estantería Fecha de adquisición Fuente de adquisición Total de préstamos Signatura topográfica completa Código de barras Visto por última vez Precio de reemplazo Tipo de ítem Koha
        Colección de folletos Biblioteca del Ateneo de Madrid Biblioteca del Ateneo de Madrid Depósito folletos 17/01/2008     1777-F-20 1146417 23/02/2023 23/02/2023 Folleto